| 000 | 00000nam 2200000za 4500 |
| 001 | 9.679938 |
| 003 | CaOODSP |
| 005 | 20220616102952 |
| 007 | ta |
| 008 | 150407s1996 onca f|0| 0 fre d |
| 040 | |aCaOODSP|bfre |
| 043 | |an-cn--- |
| 086 | 1 |aZ1-1991/1F |
| 110 | 1 |aCanada. |bCommission royale sur les peuples autochtones. |
| 245 | 10|aRapport de la Commission royale sur les peuples autochtones. |
| 260 | |aOttawa : |bCommission royale sur les peuples autochtones, |c1996. |
| 300 | |a5 vols. : |bill. ; |c25 cm. |
| 500 | |aCoprésidents: René Dussault et Georges Erasmus. |
| 505 | 0 |aSommaire: Volume 1: Un passé, un avenir [n° de cat. Z1-1991/1-1F; ISBN 0-660-95232-7].--Volume 2: Une relation à redéfinir [n° de cat. Z1-1991/1-2F; ISBN 0-660-95233-5].--Volume 3: Vers un ressourcement [n° de cat. Z1-1991/1-3F; ISBN 0-660-95234-3].--Volume 4: Perspectives et réalités [n° de cat Z1-1991/1-4F; ISBN 0-660-95235-1].--Volume 5: Vingt ans d'action soutenue pour le renouveau [n° de cat. Z1-1991/1-5E; ISBN 0-660-95236-X]. Données de catalogage avant publication (Canada) imprimées dans cette publication. |
| 590 | |a96-47|b1996-11-22 |
| 691 | 07|aAffaires autochtones|2gcpds |
| 691 | 07|aAutochtones|2gcpds |
| 720 | 1 |aDussault, René |
| 720 | 1 |aErasmus, Georges |
| 775 | 08|tReport of the Royal Commission on Aboriginal Peoples.|w(CaOODSP)9.646389 |
| 776 | 0#|tRapport de la Commission royale sur les peuples autochtones |w(CaOODSP)9.819009 |
| 776 | 0#|tRapport de la Commission royale sur les peuples autochtones |w(CaOODSP)9.819022 |
| 776 | 0#|tRapport de la Commission royale sur les peuples autochtones |w(CaOODSP)9.819027 |
| 776 | 0#|tRapport de la Commission royale sur les peuples autochtones |w(CaOODSP)9.819029 |
| 776 | 0#|tRapport de la Commission royale sur les peuples autochtones |w(CaOODSP)9.819030 |